Libro rojo de la flora venezolana / (Registro nro. 4981)

Detalles MARC
000 -CABECERA
Campo de control 01234cam a22003134a 4500
005 - FECHA Y HORA DE LA ULTIMA TRANSACCION
Campo de control 20160728151140.0
008 - ELEMENTOS DE LONGITUD FIJA—INFORMACION GENERAL
Campo de control 050726s2003 ve ab b 001 0 spa c
020 ## - ISBN
ISBN 9806355032
040 ## - FUENTE DE CATALOGACIÓN
Agencia catalogadora original AGL
Agencia transcriptora AGL
Agencia Modificadora DLC
041 ## - IDIOMA
Código de idioma para texto/pista de sonido o título separado Español
042 ## - AUTHENTICATION CODE
Authentication code pcc
044 ## - PAÍS DE PUBLICACIÓN
País de publicación Venezuela
082 00 - NUMERO DE CLASIFICACION DECIMAL DEWEY
Número de clasificación 581.987
Número del ítem L69l
245 00 - MENCION DE TITULO
Título Libro rojo de la flora venezolana /
Mención de responsabilidad Silvia LLamozas ... [et al.].
246 30 - FORMA VARIANTE DEL TITULO
Título propiamente dicho/forma breve del título Flora venezolana
260 ## - PUBLICACION, DISTRIBUCION, ETC. (PIE DE IMPRENTA)
Lugar de publicación, distribución, etc. Caracas, Venezuela :
Nombre del editor, distribuidor, etc. PROVITA :
-- Fundación POLAR :
-- Fundación Instituto Botánico de Venezuela "Dr. Tobías Lasser" :
-- Conservación Internacional,
Fecha de publicación, distribución, etc. 2003.
300 ## - DESCRIPCION FISICA
Extensión 555 paginas. :
Otros detalles físicos ilustraciones, .mapas ;
Dimensiones 29 x 21 cm.
504 ## - NOTA DE BIBLIOGRAFIA, ETC.
Nota de bibliografía Includes bibliographical references (517-528) and index.
650 #0 - ASIENTO SECUNDARIO DE MATERIA - TERMINO TEMATICO
Término temático o nombre geográfico como elemento de entrada Plants
Subdivisión geográfica Venezuela.
650 #4 - ASIENTO SECUNDARIO DE MATERIA - TERMINO TEMATICO
Término temático o nombre geográfico como elemento de entrada Fauna
Subdivisión geográfica Venezuela.
650 #0 - ASIENTO SECUNDARIO DE MATERIA - TERMINO TEMATICO
Término temático o nombre geográfico como elemento de entrada Fisiografia
Subdivisión geográfica Venezuela
650 #4 - ASIENTO SECUNDARIO DE MATERIA - TERMINO TEMATICO
Término temático o nombre geográfico como elemento de entrada Áreas amenazadas
Subdivisión geográfica Venezuela
650 #4 - ASIENTO SECUNDARIO DE MATERIA - TERMINO TEMATICO
Término temático o nombre geográfico como elemento de entrada Endemismo
650 #4 - ASIENTO SECUNDARIO DE MATERIA - TERMINO TEMATICO
Término temático o nombre geográfico como elemento de entrada Conservacion fauna
Subdivisión geográfica Venezuela
700 1# - ASIENTO SECUNDARIO - NOMBRE PERSONAL
Nombre personal Llamozas, Silvia.
906 ## - LOCAL DATA ELEMENT F, LDF (RLIN)
a 7
b cbc
c pccadap
d 2
e ncip
f 20
g y-gencatlg
942 ## - ELEMENTOS ADICIONALES (KOHA)
Sistema de clasificación Dewey Decimal Classification
Tipo de ítem Libro
Existencias
Withdrawn status Lost status Sistema de Clasificación Damaged status No para préstamo Colección Inventariado Ubicación Permanente Ubicación actual Fecha de adquisición Fuente de Valor Total Checkouts Número topográfico Inventario / Código de Barras Date last seen Ejemplar Price effective from Forma de adquisición Tipo de material
    Dewey Decimal Classification     General Inventariado 2017 Bogotá Bogotá 19/12/2005 Amazon   LB-581.987 L69l 022641 04/12/2012 Ej. 1 04/12/2012   Libro